Normal view MARC view
  • Conservación de bosques

Entry Materia

Number of records used in: 16

001 - NÚMERO DE CONTROL DEL REGISTRO

  • campo de control: 5692

003 - IDENTIFICADOR DE NUMERO DE CONTROL

  • campo de control: MX-MxUPN

005 - FECHA Y HORA DE LA ÚLTIMA TRANSACCIÓN

  • campo de control: 20240103134348.0

008 - DATOS DE LONGITUD FIJA

  • campo de control de longitud fija: 240103n||acnnnbabn a ana |d

035 ## - NÚMERO DE CONTROL DEL SISTEMA

  • Número de control del sistema: UPN10000005692

040 ## - FUENTE DE LA CATALOGACIÓN

  • Centro catalogador de origen: MX-MxUPN
  • Lengua de catalogación: spa
  • Agencia de transcripción: MX-MxUPN

150 ## - ENCABEZAMIENTO - TEMÁTICO

  • Término de materia o nombre geográfico como elemento inicial: Conservación de bosques

450 ## - VÉASE - MATERIA

  • Encabezamiento temático: Bosques
  • Subdivisión temática general: Conservación

670 ## - FUENTE EN LA QUE SE LOCALIZARON DATOS

  • Cita de la fuente: LEMB, 1998:
  • Información localizada: página 254 (Conservación de bosques)

902 ## - CATALOGADOR

  • Catalogador: MMA/300498
  • Catalogador: Víctor Ruiz/030124